[Event "II Open A"]
[Site "Livigno ITA"]
[Date "2011.09.12"]
[Round "1"]
[White "Solodovnichenko, Yuri"]
[Black "Pacher, Milan"]
[WhiteElo "2622"]
[BlackElo "2403"]
[Result "1-0"]
[PlyCount "101"]
[EventDate "2011.09.12"]

1. e4 e5 2. Nf3 Nc6 3. Bb5 a6 4. Ba4 Nf6 5. O-O Be7 6. Re1 b5 7. Bb3 d6 8. c3
O-O 9. h3 Bb7 10. d4 Re8 11. Ng5 Rf8 12. Nf3 Re8 13. Nbd2 Bf8 14. a3 Nb8 15.
dxe5 dxe5 16. Ng5 Re7 17. Nxf7 Rxf7 18. Nf3 Qxd1 19. Rxd1 c5 20. Be6 Bxe4 21.
Nxe5 Raa7 22. Rd8 Nc6 23. Nxf7 Rxf7 24. Ra8 a5 25. Be3 Bd5 26. Bxf7+ Kxf7 27.
Rd1 a4 28. Rc8 Bb3 29. Rd2 Ne7 30. Rxc5 Ne4 31. Rxb5 Nxd2 32. Bxd2 Nd5 33. f4
Bd6 34. Kf2 Ke6 35. g3 Kf5 36. Rb7 Bc7 37. Be3 h5 38. Bd4 g6 39. h4 Bd8 40. Ra7
Nf6 41. Ke3 Nd5+ 42. Kd3 Nb6 43. Ra5+ Kg4 44. Bxb6 Bxb6 45. Rg5+ Kf3 46. Rxg6
Bf2 47. c4 Bxg3 48. Rxg3+ Kxg3 49. f5 Ba2 50. f6 Bb1+ 51. Ke3 1-0

[Event "II Open A"]
[Site "Livigno ITA"]
[Date "2011.09.12"]
[Round "1"]
[White "Saptarshi, Roy"]
[Black "Volkov, Sergey"]
[WhiteElo "2385"]
[BlackElo "2614"]
[Result "0-1"]
[PlyCount "94"]
[EventDate "2011.09.12"]

1. e4 e6 2. d4 d5 3. Nc3 Nf6 4. Bg5 Bb4 5. Nge2 h6 6. Bxf6 Qxf6 7. a3 Ba5 8. b4
Bb6 9. e5 Qe7 10. Na4 O-O 11. Nf4 Bd7 12. c3 Be8 13. g3 Nd7 14. Bh3 f5 15. Nd3
Rf7 16. Bg2 Nf8 17. h4 g6 18. Nab2 a5 19. Kf1 Rh7 20. Kg1 Qd8 21. Bf3 Ra7 22.
Kg2 c6 23. Be2 Qa8 24. f4 Bd8 25. Rc1 axb4 26. axb4 b6 27. Ra1 Rxa1 28. Qxa1
Ra7 29. Qc1 Ra2 30. h5 g5 31. g4 Qa3 32. Kf2 c5 33. dxc5 bxc5 34. bxc5 fxg4 35.
Rg1 Bxh5 36. Bxg4 Bxg4 37. Rxg4 h5 38. Rg1 d4 39. f5 dxc3 40. f6 Rxb2+ 41. Kf1
Kf7 42. Rxg5 Qa2 43. Qd1 Rb1 44. Rg7+ Ke8 45. Nc1 Qc4+ 46. Kg1 Qxc5+ 47. Kf1
Qxe5 0-1

[Event "II Open A"]
[Site "Livigno ITA"]
[Date "2011.09.12"]
[Round "1"]
[White "Mareco, Sandro"]
[Black "Suvrajit, Saha"]
[WhiteElo "2597"]
[BlackElo "2384"]
[Result "1/2-1/2"]
[PlyCount "75"]
[EventDate "2011.09.12"]

1. d4 d5 2. c4 e6 3. Nc3 Nf6 4. cxd5 exd5 5. Bg5 Be7 6. e3 O-O 7. Bd3 Nbd7 8.
Nge2 Re8 9. O-O c6 10. Qc2 Nf8 11. f3 a5 12. Rad1 Nh5 13. Bxe7 Qxe7 14. e4 dxe4
15. fxe4 Be6 16. Qc1 Nf6 17. h3 Ng6 18. Bb1 Rad8 19. e5 Nd5 20. Ne4 Rf8 21.
N2g3 Qh4 22. Rf3 Nde7 23. Nd6 Rd7 24. Qe3 Nd5 25. Qf2 Qd8 26. Nge4 b6 27. Qd2
f6 28. Rdf1 c5 29. Nb5 cxd4 30. exf6 Nxf6 31. Ng5 Bc4 32. Bd3 Bxd3 33. Qxd3 Ne5
34. Qb3+ Kh8 35. Rf5 Qb8 36. Ne6 Re8 37. Nexd4 Ng6 38. a4 1/2-1/2

[Event "II Open A"]
[Site "Livigno ITA"]
[Date "2011.09.12"]
[Round "1"]
[White "Mazur, Stefan"]
[Black "Svetushkin, Dmitry"]
[WhiteElo "2372"]
[BlackElo "2594"]
[Result "0-1"]
[PlyCount "76"]
[EventDate "2011.09.12"]

1. e4 e5 2. Nf3 Nc6 3. Bb5 a6 4. Ba4 Nge7 5. O-O g6 6. d4 exd4 7. Nxd4 Bg7 8.
Nxc6 Nxc6 9. Nc3 O-O 10. Bf4 d6 11. Qd2 Be6 12. Bh6 Qh4 13. Bxg7 Kxg7 14. f4
Ne7 15. f5 gxf5 16. Rf4 Qh5 17. Raf1 fxe4 18. Nxe4 Ng6 19. R4f2 Qd5 20. Qe3 Qe5
21. Qd3 c5 22. c4 Rad8 23. Nf6 Qd4 24. Qf3 b5 25. Bc2 bxc4 26. Rd1 Qe5 27. Nh5+
Kh8 28. Re2 Nh4 29. Qc3 Qxc3 30. bxc3 Bg4 31. Re4 Bxd1 32. Bxd1 Ng6 33. Rxc4
Ne5 34. Ra4 d5 35. Ra5 Nd3 36. Bc2 c4 37. Nf6 Rd6 38. Nxd5 Re8 0-1

[Event "II Open A"]
[Site "Livigno ITA"]
[Date "2011.09.12"]
[Round "1"]
[White "Brunello, Sabino"]
[Black "Bove, Alessandro"]
[WhiteElo "2569"]
[BlackElo "2368"]
[Result "1-0"]
[PlyCount "61"]
[EventDate "2011.09.12"]

1. d4 Nf6 2. g3 e6 3. c4 c5 4. Nf3 a6 5. Bg2 Qc7 6. d5 d6 7. a4 Be7 8. Nc3 O-O
9. O-O exd5 10. cxd5 Nbd7 11. Nd2 Rb8 12. Rb1 Re8 13. b3 Ne5 14. h3 Ng6 15. Qc2
h5 16. Nf3 b5 17. Ng5 Bd7 18. axb5 axb5 19. b4 h4 20. g4 cxb4 21. Rxb4 Rbc8 22.
Bb2 Nxg4 23. Ne6 fxe6 24. dxe6 N4e5 25. exd7 Qxd7 26. Qb3+ Kh8 27. Nd5 Bd8 28.
Rxb5 Bc7 29. f4 Nc6 30. Nxc7 Rxc7 31. Rh5# 1-0

[Event "II Open A"]
[Site "Livigno ITA"]
[Date "2011.09.12"]
[Round "1"]
[White "Palit, Somak"]
[Black "Maiorov, Nikita"]
[WhiteElo "2363"]
[BlackElo "2558"]
[Result "1/2-1/2"]
[PlyCount "76"]
[EventDate "2011.09.12"]

1. e4 e5 2. Nf3 Nc6 3. Nc3 Nf6 4. Bb5 Bd6 5. O-O O-O 6. a3 Re8 7. d3 h6 8. Bc4
Bc5 9. h3 d6 10. Nd5 Nxd5 11. Bxd5 Ne7 12. Ba2 Ng6 13. Nh2 Qh4 14. Qf3 Be6 15.
Be3 Bb6 16. Bxb6 axb6 17. Qg3 Qd8 18. Bxe6 Rxe6 19. Ng4 Nf4 20. Qf3 Qd7 21. Kh2
Kh8 22. Ne3 Rg6 23. Rg1 Kh7 24. Nf5 Ne6 25. g3 Rf6 26. Qe3 Rh8 27. c3 h5 28.
Nh4 g6 29. Nf3 Re8 30. h4 Kg8 31. Ng5 Nxg5 32. hxg5 Rfe6 33. g4 d5 34. gxh5
gxh5 35. Rg3 Kg7 36. Rag1 Rh8 37. Qf3 dxe4 38. Qxe4 Qd6 1/2-1/2

[Event "II Open A"]
[Site "Livigno ITA"]
[Date "2011.09.12"]
[Round "1"]
[White "Dgebuadze, Alexandre"]
[Black "Marholev, Dimitar"]
[WhiteElo "2544"]
[BlackElo "2355"]
[Result "1-0"]
[PlyCount "81"]
[EventDate "2011.09.12"]

1. e4 e5 2. Bc4 Nf6 3. d3 Nc6 4. Nf3 h6 5. Nbd2 d6 6. c3 g6 7. a4 Bg7 8. a5 a6
9. Qb3 O-O 10. Nf1 b5 11. axb6 cxb6 12. Qc2 d5 13. Ba2 Bg4 14. Qe2 d4 15. h3
Be6 16. Bxe6 fxe6 17. Ng3 Nd7 18. O-O Nc5 19. Rd1 Nb3 20. Ra3 Nxc1 21. Rxc1 Qd6
22. Rca1 a5 23. Nd2 b5 24. c4 Rfb8 25. cxb5 Rxb5 26. Nc4 Qd7 27. Nf1 h5 28.
Nfd2 Bf8 29. Ra4 Bb4 30. Nf3 Rf8 31. Rc1 Kg7 32. Raa1 Rc5 33. Qd1 Qc7 34. Rc2
Qe7 35. Rac1 Qf6 36. Nb6 Rxc2 37. Qxc2 Nb8 38. Qc7+ Kh6 39. Qxe5 Qxe5 40. Nxe5
Na6 41. Nbd7 1-0

[Event "II Open A"]
[Site "Livigno ITA"]
[Date "2011.09.12"]
[Round "1"]
[White "Scalcione, Michelangelo"]
[Black "Polak, Tomas"]
[WhiteElo "2337"]
[BlackElo "2543"]
[Result "1/2-1/2"]
[PlyCount "88"]
[EventDate "2011.09.12"]

1. Nf3 Nf6 2. c4 e6 3. Nc3 Bb4 4. Qc2 c5 5. a3 Ba5 6. g3 Nc6 7. Bg2 O-O 8. O-O
d5 9. Na4 Qe7 10. d3 d4 11. Nxc5 Qxc5 12. b4 Nxb4 13. axb4 Bxb4 14. e3 e5 15.
exd4 exd4 16. Bd2 Bxd2 17. Nxd2 Rd8 18. Nb3 Qb4 19. Na5 Qc3 20. Rfc1 Qxc2 21.
Rxc2 Rd7 22. Rb2 Rc7 23. Bxb7 Rb8 24. Rab1 Nd7 25. Bd5 Rxb2 26. Rxb2 Nc5 27.
Rb8 Nd7 28. Rb5 a6 29. Rb1 Nc5 30. Rb8 Nd7 31. Rb1 Nc5 32. Nc6 Nxd3 33. Rb8 Kf8
34. Nxd4 Ke7 35. f4 Bd7 36. Ra8 Nb4 37. Kf2 Nxd5 38. cxd5 Kd6 39. Rxa6+ Kxd5
40. Ke3 Rc3+ 41. Kd2 Rc4 42. Nc2 Ke4 43. Ra7 Be6 44. Ra3 Rc7 1/2-1/2

[Event "II Open A"]
[Site "Livigno ITA"]
[Date "2011.09.12"]
[Round "1"]
[White "Olszewski, Michal"]
[Black "Narayanan, Srinath"]
[WhiteElo "2534"]
[BlackElo "2336"]
[Result "1-0"]
[PlyCount "85"]
[EventDate "2011.09.12"]

1. d4 Nf6 2. c4 e6 3. Nf3 b6 4. g3 Ba6 5. Qc2 c5 6. d5 exd5 7. cxd5 Bb7 8. Bg2
Nxd5 9. O-O Be7 10. Rd1 Nc6 11. Qa4 Nf6 12. Nh4 Qc8 13. Nf5 Nd4 14. Nxd4 cxd4
15. Qxd4 O-O 16. Nc3 Re8 17. Bf4 Bxg2 18. Kxg2 Bc5 19. Qd3 Qc6+ 20. Qf3 Qe6 21.
e3 a6 22. Nd5 Nxd5 23. Rxd5 Be7 24. Rad1 Rac8 25. b3 Rc2 26. Re5 Qc6 27. Qxc6
Rxc6 28. Rxd7 Kf8 29. Rb7 h6 30. Rd5 Rd8 31. Rd4 Bf6 32. Rc4 Rxc4 33. bxc4 Rd2
34. Rxb6 Rxa2 35. c5 Bd8 36. Rb8 Ke7 37. c6 Rc2 38. Rb7+ Ke8 39. c7 Be7 40. Rb6
a5 41. Ra6 f6 42. g4 Rc5 43. Rxa5 1-0

[Event "II Open A"]
[Site "Livigno ITA"]
[Date "2011.09.12"]
[Round "1"]
[White "Bentivegna, Francesco"]
[Black "Godena, Michele"]
[WhiteElo "2322"]
[BlackElo "2527"]
[Result "1/2-1/2"]
[PlyCount "29"]
[EventDate "2011.09.12"]

1. f4 d5 2. Nf3 g6 3. e3 Bg7 4. Be2 c5 5. d3 Nc6 6. O-O Nf6 7. a4 O-O 8. Kh1
Qc7 9. Nc3 b6 10. e4 dxe4 11. dxe4 Bb7 12. e5 Rad8 13. Qe1 Nd5 14. Nxd5 Rxd5
15. c3 1/2-1/2

[Event "II Open A"]
[Site "Livigno ITA"]
[Date "2011.09.12"]
[Round "1"]
[White "Rombaldoni, Denis"]
[Black "Molina, Fabrizio"]
[WhiteElo "2517"]
[BlackElo "2258"]
[Result "1/2-1/2"]
[PlyCount "145"]
[EventDate "2011.09.12"]

1. Nf3 d6 2. d4 Bg4 3. g3 Bxf3 4. exf3 e6 5. c4 Nd7 6. Nc3 c6 7. d5 exd5 8.
cxd5 c5 9. f4 g6 10. h4 Bg7 11. h5 a6 12. a4 Qe7+ 13. Be3 Nh6 14. Bh3 f5 15.
O-O O-O 16. Re1 Rae8 17. hxg6 hxg6 18. Qb3 Nf6 19. Qb6 Qd7 20. Bd2 Rxe1+ 21.
Rxe1 Re8 22. Rxe8+ Nxe8 23. b4 cxb4 24. Qxb4 Qe7 25. a5 Nf6 26. Qc4 Kh7 27. f3
Ne8 28. Na4 Qc7 29. Qd3 Qd7 30. Nb6 Qb5 31. Qe3 Qb2 32. Qxe8 Qxd2 33. Bg2 Qxa5
34. Nc8 Qxd5 35. Qxg6+ Kxg6 36. Ne7+ Kf7 37. Nxd5 Ke6 38. Nc7+ Kd7 39. Nd5 b5
40. Bf1 Bd4+ 41. Kg2 Kc6 42. Nb4+ Kb6 43. Nd5+ Ka5 44. Bd3 Ka4 45. Nc7 Ka3 46.
Bxb5 a5 47. Bd7 Kb3 48. g4 fxg4 49. fxg4 a4 50. g5 Bg7 51. Be6+ Kb2 52. Na6 a3
53. Nb4 d5 54. Bxd5 Nf5 55. Kf2 Kc3 56. Nc6 Nd6 57. Na5 Nf5 58. Kf3 Kd4 59. Be6
Nd6 60. g6 Nb5 61. Kg4 Nc3 62. Nb3+ Ke4 63. Nd2+ Kd3 64. Nf3 a2 65. Bxa2 Nxa2
66. Ng5 Nb4 67. Ne6 Bh8 68. Kf5 Nd5 69. Ng5 Ke3 70. Ne6 Kf3 71. Kg5 Bf6+ 72.
Kf5 Bh8 73. g7 1/2-1/2

[Event "II Open A"]
[Site "Livigno ITA"]
[Date "2011.09.12"]
[Round "1"]
[White "Kilpatrick, Callum"]
[Black "Rotstein, Arkadij"]
[WhiteElo "2256"]
[BlackElo "2515"]
[Result "1-0"]
[PlyCount "149"]
[EventDate "2011.09.12"]

1. e4 c5 2. Nc3 e6 3. f4 d5 4. Nf3 dxe4 5. Nxe4 Nf6 6. Nf2 Bd6 7. g3 b6 8. Bg2
Bb7 9. O-O Nc6 10. b3 O-O 11. Bb2 Be7 12. Qe2 Qc7 13. Nd3 Rad8 14. Nde5 Nd4 15.
Nxd4 cxd4 16. Qc4 Qb8 17. Bxb7 Qxb7 18. Qc6 Qa6 19. Qc4 b5 20. Qd3 Qb6 21. a3
Rd5 22. a4 b4 23. Rae1 Rc8 24. Rf2 Qc7 25. Nc4 Nd7 26. f5 Nc5 27. Qf1 Nxa4 28.
fxe6 fxe6 29. Rxe6 Nxb2 30. Nxb2 Re5 31. Rxe5 Qxe5 32. Nc4 Qd5 33. Rf5 Qe6 34.
Re5 Qd7 35. Qf3 d3 36. Qxd3 Qxd3 37. cxd3 Bf6 38. Rd5 Rc6 39. Kf2 Ra6 40. Rb5
Bd4+ 41. Kf3 Rf6+ 42. Ke4 Bg1 43. Rb8+ Rf8 44. Rxf8+ Kxf8 45. h3 Ke7 46. d4 Ke6
47. d5+ Kf6 48. Ne3 h5 49. Kd4 Bf2 50. g4 hxg4 51. hxg4 Be1 52. Nc4 Bf2+ 53.
Ke4 Bg3 54. Na5 Bc7 55. Nc6 a5 56. Nd4 g6 57. g5+ Ke7 58. Nc6+ Kd7 59. d4 Ke8
60. Ne5 Bd8 61. Nxg6 Bxg5 62. Ne5 Bd8 63. Kd3 Bb6 64. Kc4 Bc7 65. Kb5 Ke7 66.
Nc4 Kd7 67. d6 Bd8 68. Nxa5 Bh4 69. Nc4 Bg3 70. Kc5 Ke6 71. Kc6 Bh4 72. Ne3 Bd8
73. Nd5 Ba5 74. Nc7+ Kf7 75. Kb5 1-0

[Event "II Open A"]
[Site "Livigno ITA"]
[Date "2011.09.12"]
[Round "1"]
[White "Janev, Evgeni"]
[Black "Schwartz, Ylon"]
[WhiteElo "2511"]
[BlackElo "2252"]
[Result "1-0"]
[PlyCount "41"]
[EventDate "2011.09.12"]

1. e4 c6 2. d3 g6 3. Nf3 Bg7 4. Nbd2 e5 5. g3 Ne7 6. Bg2 O-O 7. O-O d6 8. a4 f5
9. Nc4 Na6 10. Bd2 h6 11. Bc3 Be6 12. b3 Qd7 13. Ne1 f4 14. d4 exd4 15. Bxd4
Bxc4 16. bxc4 Bxd4 17. Qxd4 c5 18. Qd2 Nc6 19. gxf4 Qf7 20. f5 Qg7 21. Ra3 1-0

[Event "II Open A"]
[Site "Livigno ITA"]
[Date "2011.09.12"]
[Round "1"]
[White "Xia, Jie"]
[Black "Michalik, Peter"]
[WhiteElo "2249"]
[BlackElo "2511"]
[Result "0-1"]
[PlyCount "66"]
[EventDate "2011.09.12"]

1. e4 c6 2. d4 d5 3. e5 Bf5 4. Nf3 e6 5. Be2 Nd7 6. Nbd2 Ne7 7. Nb3 Nc8 8. O-O
Be7 9. Be3 O-O 10. Qd2 Ncb6 11. Na5 Qc7 12. Rac1 Be4 13. Ng5 Bg6 14. h4 h6 15.
h5 Bf5 16. g4 hxg5 17. gxf5 exf5 18. Bxg5 f6 19. Bh4 f4 20. e6 Nb8 21. Bd3 Nc8
22. Bg6 f5 23. Bf7+ Kh8 24. Bxe7 Nxe7 25. Nxb7 Qxb7 26. Qxf4 Ng8 27. h6 Nxh6
28. Kg2 Nxf7 29. exf7 Qxf7 30. Rh1+ Kg8 31. Rce1 Nd7 32. Qh2 Qg6+ 33. Kf1 Rae8
0-1

[Event "II Open A"]
[Site "Livigno ITA"]
[Date "2011.09.12"]
[Round "1"]
[White "Petkov, Vladimir"]
[Black "Brunello, Marina"]
[WhiteElo "2511"]
[BlackElo "2215"]
[Result "1-0"]
[PlyCount "53"]
[EventDate "2011.09.12"]

1. d4 Nf6 2. c4 e6 3. Nc3 c5 4. d5 exd5 5. cxd5 d6 6. e4 g6 7. f4 Bg7 8. Bb5+
Nfd7 9. Nf3 O-O 10. O-O a6 11. Bd3 b5 12. Kh1 Bb7 13. Qe1 c4 14. Bc2 Nc5 15. f5
Nbd7 16. Bg5 Nf6 17. Qh4 Ncd7 18. Rae1 Qb6 19. Be3 Qc7 20. fxg6 hxg6 21. Bd4
Ne5 22. Ng5 Rfe8 23. Re3 Re7 24. Rxf6 Bxf6 25. Qh7+ Kf8 26. Rf3 Bg7 27. Ne6+
1-0

[Event "II Open A"]
[Site "Livigno ITA"]
[Date "2011.09.12"]
[Round "1"]
[White "Kock, Hans-Uwe"]
[Black "Cebalo, Miso"]
[WhiteElo "2117"]
[BlackElo "2478"]
[Result "0-1"]
[PlyCount "80"]
[EventDate "2011.09.12"]

1. d4 Nf6 2. c4 g6 3. Nc3 Bg7 4. e4 d6 5. h3 O-O 6. Be3 e5 7. d5 a5 8. Bd3 Na6
9. Nge2 Nd7 10. g4 Ndc5 11. Bc2 f5 12. gxf5 gxf5 13. exf5 Bxf5 14. Bxf5 Rxf5
15. Ng3 Rf7 16. Qe2 Qh4 17. O-O-O Raf8 18. Qg4 Qxg4 19. hxg4 Rxf2 20. Bxf2 Rxf2
21. Nf5 Nb4 22. Rh3 e4 23. Nxg7 Ncd3+ 24. Rhxd3 Nxd3+ 25. Kb1 Kxg7 26. Nxe4
Rxb2+ 27. Ka1 Re2 28. Nc3 Nf2 29. Rd4 Re1+ 30. Kb2 Rg1 31. Nb5 Rxg4 32. Kc3 Kf6
33. Nxc7 Ke5 34. Nb5 h5 35. Rxg4 Nxg4 36. Kd3 h4 37. Ke2 h3 38. Kf3 Ne3 39. Kg3
Nxc4 40. Nc3 Kd4 0-1

[Event "II Open A"]
[Site "Livigno ITA"]
[Date "2011.09.12"]
[Round "1"]
[White "Bosschem, Tim"]
[Black "Mirzoev, Azer"]
[WhiteElo "2068"]
[BlackElo "2468"]
[Result "0-1"]
[PlyCount "94"]
[EventDate "2011.09.12"]

1. d4 Nf6 2. c4 e6 3. Nc3 c5 4. d5 exd5 5. cxd5 d6 6. e4 g6 7. f4 Bg7 8. Bb5+
Nfd7 9. a4 O-O 10. Nf3 Na6 11. O-O Nb4 12. Re1 a6 13. Bf1 Re8 14. Be3 Nf6 15.
Bf2 Bg4 16. Rc1 Nh5 17. h3 Bxf3 18. Qxf3 Bd4 19. g4 Nf6 20. Kg2 Bxf2 21. Qxf2
Nd7 22. g5 Rc8 23. Bc4 Nb6 24. Bf1 h6 25. h4 Kg7 26. Re3 hxg5 27. hxg5 Rh8 28.
Rg3 Rh4 29. Kg1 Qh8 30. Bg2 Qh5 31. Qf3 Qxf3 32. Rxf3 c4 33. Bf1 Rch8 34. a5
Nd7 35. Nd1 Rg4+ 36. Bg2 Nd3 37. Rxc4 Nxf4 38. Rc2 Ne5 39. Rb3 Nxg2 40. Rxg2
Rxe4 41. Re3 Rd4 42. Nc3 Rhh4 43. Kf1 Rh1+ 44. Ke2 Rb4 45. Nd1 Rb5 46. Rc3 Rxd5
47. Rc7 Rdxd1 0-1

[Event "II Open A"]
[Site "Livigno ITA"]
[Date "2011.09.12"]
[Round "1"]
[White "Lazic, Miroljub"]
[Black "Andersson, Thorbjorn"]
[WhiteElo "2463"]
[BlackElo "2055"]
[Result "1-0"]
[PlyCount "101"]
[EventDate "2011.09.12"]

1. g3 g6 2. Bg2 Bg7 3. d4 d6 4. e4 Nd7 5. Nc3 Ngf6 6. h3 O-O 7. Be3 c5 8. dxc5
dxc5 9. f4 Qa5 10. e5 Ne8 11. Nge2 Nb6 12. O-O Nc4 13. Bc1 Be6 14. Qe1 Rd8 15.
g4 f5 16. exf6 exf6 17. Nd4 cxd4 18. Qxe6+ Kh8 19. Qxc4 dxc3 20. Qxc3 Qxc3 21.
bxc3 f5 22. Ba3 Rf7 23. Rad1 Rc8 24. gxf5 Bxc3 25. Bd5 Rg7 26. Be6 gxf5+ 27.
Kh2 Rc6 28. Bxf5 Bf6 29. Rfe1 Nc7 30. Rd6 Rxd6 31. Bxd6 Nb5 32. Re8+ Rg8 33.
Rxg8+ Kxg8 34. Bb8 a5 35. Be4 b6 36. a4 Nc3 37. Bc6 Kf7 38. Bc7 Bd4 39. Kg3 Kf6
40. Kg4 Nd1 41. Kf3 Nc3 42. Kg4 Nd1 43. Bd8+ Kg7 44. Kf5 Ne3+ 45. Ke6 Nxc2 46.
f5 Bc5 47. f6+ Kg8 48. Bd5 Nb4 49. Bc4 Kh8 50. f7 Kg7 51. Be7 1-0

[Event "II Open A"]
[Site "Livigno ITA"]
[Date "2011.09.12"]
[Round "1"]
[White "Bossi, Alessandro"]
[Black "Stella, Andrea"]
[WhiteElo "2019"]
[BlackElo "2447"]
[Result "0-1"]
[PlyCount "70"]
[EventDate "2011.09.12"]

1. c4 Nf6 2. Nc3 c5 3. b3 e6 4. Nf3 d5 5. cxd5 exd5 6. d4 Nc6 7. e3 cxd4 8.
Nxd4 Bb4 9. Bd2 Nxd4 10. exd4 O-O 11. Be2 Qa5 12. Rc1 Bf5 13. O-O Rac8 14. Nb1
Rxc1 15. Qxc1 Bxb1 16. Bxb4 Qxb4 17. Qxb1 Qxd4 18. Rd1 Qe5 19. Bf3 Rc8 20. g3
g6 21. Kg2 Rc7 22. Rc1 d4 23. Rc4 Rxc4 24. bxc4 b6 25. Qb4 d3 26. Qd2 Qd4 27.
Qf4 Qxf4 28. gxf4 Kg7 29. Kf1 Nh5 30. Ke1 Nxf4 31. Kd2 Kf6 32. Ke3 Ke5 33. h4
h5 34. a3 f6 35. a4 a5 0-1

[Event "II Open A"]
[Site "Livigno ITA"]
[Date "2011.09.12"]
[Round "1"]
[White "Braga, Fernando Alberto"]
[Black "Arnetta, Maria Teresa"]
[WhiteElo "2438"]
[BlackElo "2017"]
[Result "1/2-1/2"]
[PlyCount "144"]
[EventDate "2011.09.12"]

1. Nf3 f5 2. c4 Nf6 3. g3 e6 4. Bg2 Be7 5. O-O O-O 6. b3 d6 7. d4 a5 8. Nc3 Qe8
9. Qc2 Nc6 10. e4 Qh5 11. exf5 e5 12. dxe5 Bxf5 13. Qd2 dxe5 14. Qg5 Bd3 15.
Qxh5 Nxh5 16. Rd1 e4 17. Ne1 Bf6 18. Nxd3 Bxc3 19. Bb2 Bxb2 20. Nxb2 Nf6 21.
Na4 Rfe8 22. Nc3 Nb4 23. a3 Na6 24. Nd5 c6 25. Ne3 Nc5 26. Rab1 Nd3 27. Kf1
Rad8 28. Ke2 Ne5 29. Nf5 Nd3 30. Rd2 Ng4 31. h3 Ngxf2 32. Ke3 g6 33. Nh4 Rf8
34. g4 Rd7 35. Rf1 Rdf7 36. Re2 Nxg4+ 37. hxg4 Rxf1 38. Bxf1 Rxf1 39. b4 axb4
40. axb4 Nxb4 41. Kxe4 Rf8 42. Rd2 Na6 43. Rb2 Rf7 44. Nf3 Nc5+ 45. Ke3 Re7+
46. Kd4 Ne6+ 47. Ke5 Nf8+ 48. Kd4 Kg7 49. Kc5 h6 50. Nd4 Rd7 51. Rb1 Re7 52.
Kd6 Rd7+ 53. Kc5 Rf7 54. Rb2 h5 55. g5 Rd7 56. Rb1 b5 57. cxb5 cxb5 58. Rxb5
Ra7 59. Kd5 Kf7 60. Ke4 Ne6 61. Nxe6 Kxe6 62. Rb6+ Kf7 63. Rb5 Ra4+ 64. Kf3 Rc4
65. Rb7+ Ke6 66. Rb6+ Kf7 67. Rb7+ Kf8 68. Rb6 Kf7 69. Rb7+ Ke6 70. Rb6+ Kf5
71. Rb5+ Ke6 72. Rb6+ Ke5 1/2-1/2

[Event "II Open A"]
[Site "Livigno ITA"]
[Date "2011.09.12"]
[Round "1"]
[White "Zamengo, Fulvio"]
[Black "Hunt, Adam C."]
[WhiteElo "2002"]
[BlackElo "2437"]
[Result "0-1"]
[PlyCount "74"]
[EventDate "2011.09.12"]

1. e4 c5 2. Nf3 d6 3. d4 cxd4 4. Nxd4 Nf6 5. Nc3 a6 6. Be2 e5 7. Nf3 h6 8. O-O
Be7 9. a4 O-O 10. Nd2 Be6 11. Nc4 Nc6 12. Ne3 Rc8 13. Ned5 Bxd5 14. exd5 Nb4
15. Bf3 a5 16. Be3 Nd7 17. Rc1 Nb6 18. Nb5 Nc4 19. Qe2 f5 20. c3 Na6 21. Na7
Nxe3 22. Nxc8 Nxf1 23. Nxe7+ Qxe7 24. Qxf1 e4 25. Be2 Nc5 26. Bb5 Qg5 27. b4
Nb3 28. Rd1 Rc8 29. f4 Qf6 30. bxa5 Rxc3 31. a6 bxa6 32. Bd7 Nc5 33. Be6+ Kh7
34. Qe2 Rd3 35. Rxd3 exd3 36. Qe3 Qa1+ 37. Kf2 Ne4+ 0-1

[Event "II Open A"]
[Site "Livigno ITA"]
[Date "2011.09.12"]
[Round "1"]
[White "Bruno, Fabio"]
[Black "Veznik, Michael"]
[WhiteElo "2431"]
[BlackElo "1830"]
[Result "1-0"]
[PlyCount "56"]
[EventDate "2011.09.12"]

1. d4 d5 2. Nf3 f5 3. c4 e6 4. Nc3 Nf6 5. Bf4 c6 6. e3 Be7 7. h3 O-O 8. Qc2 Ne4
9. Bd3 Nd7 10. O-O-O Ndf6 11. Ne5 Bd7 12. g4 Nxc3 13. bxc3 Ba3+ 14. Kb1 b5 15.
cxb5 cxb5 16. Ka1 Rc8 17. Rb1 b4 18. c4 dxc4 19. Bxc4 Nd5 20. Qb3 Qe8 21. gxf5
Rxf5 22. Qd3 g6 23. Rhg1 Rxc4 24. Qxc4 Bb5 25. Qc5 Nxf4 26. exf4 Rxf4 27. Ng4
a6 28. Nh6+ Kh8 1-0

[Event "II Open A"]
[Site "Livigno ITA"]
[Date "2011.09.13"]
[Round "2"]
[White "Petkov, Vladimir"]
[Black "Solodovnichenko, Yuri"]
[WhiteElo "2511"]
[BlackElo "2622"]
[Result "1/2-1/2"]
[PlyCount "68"]
[EventDate "2011.09.12"]

1. d4 d5 2. c4 e6 3. Nc3 c6 4. Nf3 Nf6 5. g3 dxc4 6. Ne5 b5 7. Bg2 a6 8. a4 Bb7
9. O-O Nbd7 10. Nxc6 Qb6 11. axb5 axb5 12. Rxa8+ Bxa8 13. d5 Bc5 14. b4 exd5
15. Nxd5 Qxc6 16. Nxf6+ Qxf6 17. Bxa8 Bxb4 18. Bf4 Be7 19. Qd5 O-O 20. Bc6 g5
21. Bxd7 gxf4 22. Bxb5 c3 23. Bd3 Rd8 24. Qe4 h6 25. Ra1 fxg3 26. hxg3 Kf8 27.
Kg2 Bc5 28. f4 Re8 29. Qh7 Be3 30. Ra6 Re6 31. Rxe6 Qxe6 32. Qh8+ Ke7 33. Qxc3
Qd5+ 34. Kh2 Qh5+ 1/2-1/2

[Event "II Open A"]
[Site "Livigno ITA"]
[Date "2011.09.13"]
[Round "2"]
[White "Svetushkin, Dmitry"]
[Black "Lazic, Miroljub"]
[WhiteElo "2594"]
[BlackElo "2463"]
[Result "1-0"]
[PlyCount "75"]
[EventDate "2011.09.12"]

1. e4 d6 2. d4 Nf6 3. Bd3 e5 4. c3 Nc6 5. Nf3 g6 6. h3 Bg7 7. O-O O-O 8. Re1
Re8 9. Na3 d5 10. dxe5 Nxe4 11. Bf4 Nc5 12. Bf1 Ne6 13. Bg3 Ne7 14. Nc2 c5 15.
Ne3 d4 16. cxd4 Nxd4 17. Nxd4 cxd4 18. Nc4 Nf5 19. Nd6 Nxd6 20. exd6 Rxe1 21.
Qxe1 Bd7 22. Qb4 Bc6 23. Re1 Bf6 24. a4 a6 25. Be2 h5 26. Bc4 Qd7 27. a5 Re8
28. Rc1 h4 29. Bf4 g5 30. Bh2 g4 31. hxg4 Qxg4 32. Bf1 Be5 33. Bxe5 Rxe5 34.
Rxc6 bxc6 35. Qb8+ Kg7 36. d7 Re1 37. d8=Q Rxf1+ 38. Kh2 1-0

[Event "II Open A"]
[Site "Livigno ITA"]
[Date "2011.09.13"]
[Round "2"]
[White "Sveshnikov, Evgeny E."]
[Black "Timoshenko, Georgy"]
[WhiteElo "2504"]
[BlackElo "2572"]
[Result "1/2-1/2"]
[PlyCount "27"]
[EventDate "2011.09.12"]

1. e4 e6 2. d4 d5 3. exd5 exd5 4. Nf3 Nf6 5. Bf4 Bd6 6. Bxd6 Qxd6 7. c3 Bf5 8.
Bd3 Bxd3 9. Qxd3 Nbd7 10. Nbd2 O-O 11. O-O Rfe8 12. Rfe1 c6 13. Rxe8+ Rxe8 14.
Re1 1/2-1/2

[Event "II Open A"]
[Site "Livigno ITA"]
[Date "2011.09.13"]
[Round "2"]
[White "Cebalo, Miso"]
[Black "Brunello, Sabino"]
[WhiteElo "2478"]
[BlackElo "2569"]
[Result "1/2-1/2"]
[PlyCount "110"]
[EventDate "2011.09.12"]

1. c4 c5 2. g3 g6 3. Bg2 Bg7 4. Nc3 Nc6 5. Nf3 e6 6. d3 Nge7 7. Bg5 h6 8. Bd2
b6 9. Qc1 Bb7 10. O-O d5 11. Rb1 Rc8 12. a3 Nd4 13. Qd1 O-O 14. cxd5 Nxf3+ 15.
Bxf3 Nxd5 16. Nxd5 Bxd5 17. Bxd5 exd5 18. Qa4 Qe8 19. Qg4 f5 20. Qf3 Qe6 21.
Rfc1 Rfe8 22. e3 h5 23. Bc3 Bh6 24. Rd1 Qd7 25. b4 d4 26. exd4 cxb4 27. Bxb4
Bg7 28. d5 Rc2 29. Rbc1 Ree2 30. Rxc2 Rxc2 31. d4 a5 32. Qb3 Re2 33. Qc4 Re8
34. Bd2 Rc8 35. Qb3 Kh7 36. Bg5 a4 37. Qxb6 Qxd5 38. Qa7 Ra8 39. Qc7 Ra6 40.
Bf4 Re6 41. Qc3 h4 42. h3 Re2 43. Qc7 hxg3 44. Bxg3 g5 45. Qc5 Qxc5 46. dxc5 f4
47. Bh2 Rc2 48. h4 Kg6 49. Rd5 gxh4 50. Bxf4 Bb2 51. Be3 Bxa3 52. Rg5+ Kf7 53.
Rg4 Bxc5 54. Bxc5 Rxc5 55. Rxa4 h3 1/2-1/2

[Event "II Open A"]
[Site "Livigno ITA"]
[Date "2011.09.13"]
[Round "2"]
[White "Mirzoev, Azer"]
[Black "Dgebuadze, Alexandre"]
[WhiteElo "2468"]
[BlackElo "2544"]
[Result "1/2-1/2"]
[PlyCount "27"]
[EventDate "2011.09.12"]

1. d4 Nf6 2. c4 e6 3. Nc3 Bb4 4. Bd2 O-O 5. a3 Bxc3 6. Bxc3 d5 7. e3 a5 8. Nf3
b6 9. Be2 Ba6 10. cxd5 Bxe2 11. Qxe2 exd5 12. O-O Re8 13. Rac1 Nbd7 14. Rfd1
1/2-1/2

[Event "II Open A"]
[Site "Livigno ITA"]
[Date "2011.09.13"]
[Round "2"]
[White "Hunt, Adam C."]
[Black "Janev, Evgeni"]
[WhiteElo "2437"]
[BlackElo "2511"]
[Result "1-0"]
[PlyCount "49"]
[EventDate "2011.09.12"]

1. e4 d6 2. d4 Nf6 3. Nc3 c6 4. Nf3 Bg4 5. h3 Bxf3 6. Qxf3 Nbd7 7. Be3 e5 8.
O-O-O Be7 9. g4 h6 10. dxe5 dxe5 11. h4 Nh7 12. g5 Qc7 13. Bc4 Rf8 14. gxh6 g6
15. h5 O-O-O 16. hxg6 fxg6 17. Qg4 Rf6 18. Be6 Bd6 19. Bxa7 Rf4 20. Qxg6 Nhf8
21. Bxd7+ Rxd7 22. Qg8 Rff7 23. Be3 b5 24. Rd3 Kb7 25. Rhd1 1-0